|
|
|
|
| LEADER |
01130nam a2200301 4500 |
| 001 |
000015435 |
| 003 |
11815 |
| 005 |
20130228140214.0 |
| 008 |
120528s2007 viesd |
| 041 |
0 |
|
|a vie
|
| 082 |
|
|
|a 335.5407
|b NG-D
|
| 100 |
0 |
|
|a Ngô Thị Kim Dung
|
| 245 |
|
0 |
|a Thực hiện kế hoạch đào tạo: Ngành Công tác đội thiếu niên tiền phong
|b Sách trợ giúp giảng viên Cao đẳng Sư phạm
|c Ngô Thị Kim Dung
|
| 260 |
|
|
|a H.
|b Đại học sư phạm
|c 2007
|
| 300 |
|
|
|a 316 tr
|c 24 cm
|
| 500 |
|
|
|a Bộ giáo dục và đào tạo dự án đào tạo giáo viên THCS
|
| 653 |
|
|
|a đào tạo
|
| 653 |
|
|
|a công tác đội
|
| OWN |
|
|
|a LSP
|
| AVA |
|
|
|a UDN50
|b LSP
|d 335.5407 NG-D
|e check_holdings
|t Error 5003 Not defined in file expand_doc_bib_avail.
|h N
|k 1
|
| 999 |
|
|
|a From the UDN01
|
| AVA |
|
|
|a UDN50
|b LSP
|d 335.5407 NG-D
|e available
|t Error 5001 Not defined in file expand_doc_bib_avail.
|f 14
|g 0
|h N
|i 3
|k 1
|
| TYP |
|
|
|a Monograph
|
| TYP |
|
|
|a Printed language
|
| 980 |
|
|
|a Mạng thư viện Đại học Đà Nẵng
|